Report of the Committee of the whole on the proposed formula for the sharing of the District Assemblies Common Fund 2013 (Record no. 4071)
[ view plain ]
| 000 -LEADER | |
|---|---|
| fixed length control field | 00709nam a22001817a 4500 |
| 003 - CONTROL NUMBER IDENTIFIER | |
| control field | OSt aaaaa |
| 005 - DATE AND TIME OF LATEST TRANSACTION | |
| control field | 20241220153226.0 |
| 008 - FIXED-LENGTH DATA ELEMENTS--GENERAL INFORMATION | |
| fixed length control field | 240613b |||||||| |||| 00| 0 eng d |
| 041 ## - LANGUAGE CODE | |
| Language code of text/sound track or separate title | English |
| 082 ## - DEWEY DECIMAL CLASSIFICATION NUMBER | |
| Classification number | CR/ DACF/13 Acc. No. 9501 |
| 110 ## - MAIN ENTRY--CORPORATE NAME | |
| Corporate name or jurisdiction name as entry element | Committee on Local Government and Rural Development |
| 245 ## - TITLE STATEMENT | |
| Title | Report of the Committee of the whole on the proposed formula for the sharing of the District Assemblies Common Fund 2013 |
| 260 ## - PUBLICATION, DISTRIBUTION, ETC. | |
| Place of publication, distribution, etc. | Accra : |
| Name of publisher, distributor, etc. | Parliament of Ghana, |
| Date of publication, distribution, etc. | 2013. |
| 300 ## - PHYSICAL DESCRIPTION | |
| Extent | 11p.: tabs. ; |
| 600 ## - SUBJECT ADDED ENTRY--PERSONAL NAME | |
| Source of heading or term | Formula for the sharing of the District Assemblies Common Fund 2013 |
| 653 ## - INDEX TERM--UNCONTROLLED | |
| Uncontrolled term | Formula for the Sharing of the District Assemblies Common Fund 2013 |
| 942 ## - ADDED ENTRY ELEMENTS (KOHA) | |
| Source of classification or shelving scheme | Dewey Decimal Classification |
| Koha item type | Formula |
| Suppress in OPAC | No |
| Withdrawn status | Lost status | Source of classification or shelving scheme | Damaged status | Not for loan | Home library | Current library | Shelving location | Date acquired | Total checkouts | Full call number | Date last seen | Copy number | Price effective from | Koha item type |
|---|---|---|---|---|---|---|---|---|---|---|---|---|---|---|
| Dewey Decimal Classification | Main Library | Main Library | Open Shelves | 20/12/2024 | CR/ DACF/13 Acc. No. 9501 | 20/12/2024 | 1 | 20/12/2024 | Formula |